| Tag |
First Indicator |
Second Indicator |
Subfields |
| LEADER |
00000cam a2200000 i 4500 |
| 001 |
in00001085921 |
| 005 |
20150929110651.0 |
| 008 |
790518s1979 cau b 000 0 eng |
| 010 |
|
|
|a 79015299
|
| 020 |
|
|
|a 0833001345
|
| 035 |
|
|
|a (OCoLC)05101651
|
| 035 |
|
|
|9 AFQ3075AM
|
| 040 |
|
|
|a DLC
|c DLC
|d m.c.
|d TXA
|d UtOrBLW
|
| 043 |
|
|
|a n-us---
|
| 049 |
|
|
|a TXAM
|
| 050 |
0 |
0 |
|a AS36
|b .R3 R-1149
|a RA410.53
|
| 082 |
0 |
|
|a 081 s
|a 362.1/0973
|
| 090 |
|
|
|a RA410.53
|b .N492 1979
|
| 100 |
1 |
|
|a Newhouse, Joseph P.
|
| 245 |
1 |
0 |
|a On having your cake and eating it too :
|b econometric problems in estimating the demand for health services /
|c Joseph P. Newhouse, Charles E. Phelps, M. Susan Marquis.
|
| 264 |
|
1 |
|a Santa Monica, CA :
|b Rand,
|c [1979]
|
| 300 |
|
|
|a ix, 40 pages ;
|c 28 cm.
|
| 336 |
|
|
|a text
|b txt
|2 rdacontent
|
| 337 |
|
|
|a unmediated
|b n
|2 rdamedia
|
| 338 |
|
|
|a volume
|b nc
|2 rdacarrier
|
| 500 |
|
|
|a "R-1149-1-NC."
|
| 500 |
|
|
|a "October 1979."
|
| 504 |
|
|
|a Bibliography: pages 39-40.
|
| 650 |
|
0 |
|a Medical care
|z United States
|x Utilization
|x Mathematical models.
|
| 650 |
|
0 |
|a Medical care, Cost of
|z United States
|x Mathematical models.
|
| 650 |
|
0 |
|a Health insurance
|z United States
|x Mathematical models.
|
| 700 |
1 |
|
|a Phelps, Charles E.
|
| 700 |
1 |
|
|a Marquis, M. Susan.
|
| 999 |
|
|
|a MARS
|
| 999 |
f |
f |
|s add8949b-4729-3080-a463-758f7ca90264
|i 5b741584-e8f6-3bd1-9c1c-ace84ef5d4a9
|t 0
|
| 952 |
f |
f |
|p ric
|a Texas A&M University
|b Rellis Campus
|c Joint Library Facility
|d Remote Storage
|t 0
|e RA410.53 .N492 1979
|h Library of Congress classification
|i unmediated -- volume
|m A14816181984
|
| 998 |
f |
f |
|a RA410.53 .N492 1979
|t 0
|l Remote Storage
|